Bài giảng Luật hình sự Việt Nam

Sparad:
Bibliografiska uppgifter
Huvudupphovsman: Phạm, Văn Beo
Materialtyp: Bok
Språk:Undetermined
Publicerad: Cần Thơ Trường Đại học Cần Thơ - Khoa Luật 2000
Ämnen:
Taggar: Lägg till en tagg
Inga taggar, Lägg till första taggen!
Thư viện lưu trữ: Trung tâm Học liệu Trường Đại học Cần Thơ
LEADER 00620nam a2200193Ia 4500
001 CTU_43835
008 210402s9999 xx 000 0 und d
082 |a 345.597 
082 |b B205 
100 |a Phạm, Văn Beo 
245 0 |a Bài giảng Luật hình sự Việt Nam 
245 0 |c Phạm Văn Beo, Vũ thị Thúy 
260 |a Cần Thơ 
260 |b Trường Đại học Cần Thơ - Khoa Luật 
260 |c 2000 
650 |a Criminal law ( vietnamese law ) 
650 |x Outlines, syllabi, etc 
904 |i Minh, 011011 
980 |a Trung tâm Học liệu Trường Đại học Cần Thơ